El museo en mutación memoria e intervención (Record no. 85821)

MARC details
000 -LEADER
campo de control de longitud fija 01021nam a22002297a 4500
001 - NÚMERO DE CONTROL
campo de control 85821
005 - FECHA Y HORA DE LA ÚLTIMA TRANSACCIÓN
campo de control 20260420142623.0
007 - CAMPO FIJO DE DESCRIPCIÓN FÍSICA--INFORMACIÓN GENERAL
campo de control de longitud fija ta
008 - DATOS DE LONGITUD FIJA--INFORMACIÓN GENERAL
campo de control de longitud fija 260420s2026 sp ||||| |||| 00| 0 spa d
017 ## - NÚMERO DE COPYRIGHT O DE DEPÓSITO LEGAL
Número de copyright o de depósito legal M-2838-2026
Agencia que asigna Oficina Depósito Legal Madrid
020 ## - NÚMERO INTERNACIONAL ESTÁNDAR DEL LIBRO
Número Internacional Estándar del Libro 979-13-87647-16-2
040 ## - FUENTE DE CATALOGACIÓN
Centro catalogador/agencia de origen M-RABA
Lengua de catalogación spa
Centro/agencia transcriptor M-RABA
100 ## - ENTRADA PRINCIPAL--NOMBRE DE PERSONA
Nombre de persona Nieto de la Cierva, Fuensanta (
Fechas asociadas al nombre 1957-
9 (RLIN) 111677
245 ## - MENCIÓN DEL TÍTULO
Título El museo en mutación memoria e intervención
Mención de responsabilidad, etc. / discurso de la académica electa Excma. Sra. Dª. Fuensanta Nieto de la Cierva, leído en el acto de su recepción pública el día 19 de abril de 2026 y contestación del académico Excmo. Sr. D. Luis Fernández-Galiano Ruiz
260 ## - PUBLICACIÓN, DISTRIBUCIÓN, ETC.
Lugar de publicación, distribución, etc. Madrid :
Nombre del editor, distribuidor, etc. Real Academia de Bellas Artes de San Fernando,
Fecha de publicación, distribución, etc. 2026
650 #7 - PUNTO DE ACCESO ADICIONAL DE MATERIA--TÉRMINO DE MATERIA
Término de materia o nombre geográfico como elemento de entrada Arquitectura
9 (RLIN) 42568
655 #7 - TERMINO DE INDIZACIÓN--GENERO/FORMA
Datos o término principal de género/forma Discursos académicos.
9 (RLIN) 54126
700 ## - ENTRADA AGREGADA--NOMBRE PERSONAL
Nombre de persona Fernández-Galiano Ruiz, Luis (
Fechas asociadas al nombre 1950-)
9 (RLIN) 107920
710 2# - ENTRADA AGREGADA--NOMBRE DE ENTIDAD CORPORATIVA
Nombre de entidad corporativa o nombre de jurisdicción como elemento de entrada Real Academia de Bellas Artes de San Fernando.
9 (RLIN) 75832
852 ## - LOCALIZACIÓN
Ubicación M-RABA
Número de control de estantería Dis-544; Dis-545
942 ## - ELEMENTOS DE ENTRADA SECUNDARIOS (KOHA)
Tipo de ítem Koha Fondo moderno
Suprimir en OPAC No
Holdings
Estatus retirado Estado de pérdida Fuente de la clasificación o esquema de estantería Estado de daño No para préstamo Colección Biblioteca de origen Biblioteca actual Ubicación en estantería Fecha de adquisición Total de préstamos Signatura topográfica completa Código de barras Visto por última vez Precio de reemplazo Tipo de ítem Koha
    Clasificación Decimal Dewey     Discursos Real Academia de la Bellas Artes de San Fernando Real Academia de la Bellas Artes de San Fernando Sala de lectura 19/04/2026   Dis-544 1097001 20/04/2026 20/04/2026 Fondo moderno
    Clasificación Decimal Dewey     Discursos Real Academia de la Bellas Artes de San Fernando Real Academia de la Bellas Artes de San Fernando Sala de lectura 19/04/2026   Dis-545 1097002 20/04/2026 20/04/2026 Fondo moderno

Powered by Koha